Aportes a una nueva visión de la informalidad laboral en la Argentina / (Record no. 1087)
[ view plain ]
| 000 -LEADER | |
|---|---|
| fixed length control field | 01379 #a2200217 #4500 |
| 001 - CONTROL NUMBER | |
| control field | BNM000271 |
| 005 - DATE AND TIME OF LATEST TRANSACTION | |
| control field | 20220829142145.0 |
| 008 - FIXED-LENGTH DATA ELEMENTS--GENERAL INFORMATION | |
| fixed length control field | aespañol |
| 020 ## - INTERNATIONAL STANDARD BOOK NUMBER | |
| International Standard Book Number | 987-978-98057-5-6 |
| 040 ## - CATALOGING SOURCE | |
| Original cataloging agency | AR-C50180D0 |
| 082 14 - DEWEY DECIMAL CLASSIFICATION NUMBER | |
| Edition number | 14 |
| Classification number | 331.11 |
| 110 1# - MAIN ENTRY--CORPORATE NAME | |
| Corporate name or jurisdiction name as entry element | Argentina. |
| Subordinate unit | Ministerio de Trabajo, Empleo y Seguridad Social. |
| 9 (RLIN) | 5300 |
| 245 10 - TITLE STATEMENT | |
| Title | Aportes a una nueva visión de la informalidad laboral en la Argentina / |
| Statement of responsibility, etc | Ministerio de Trabajo, Empleo y Seguridad Social. |
| 260 ## - PUBLICATION, DISTRIBUTION, ETC. (IMPRINT) | |
| Place of publication, distribution, etc | Buenos Aires : |
| Name of publisher, distributor, etc | Banco Mundial, |
| -- | Ministerios de Trabajo, Empleo y Seguridad Social, |
| Date of publication, distribution, etc | 2008. |
| 300 ## - PHYSICAL DESCRIPTION | |
| Extent | 254 p. |
| 505 ## - FORMATTED CONTENTS NOTE | |
| Title | Un nuevo esquema de políticas públicas para la reducción de la informalidad laboral. |
| -- | Caracterización de la informalidad laboral en el Gran Buenos Aires. |
| -- | Informalidad, protección social y mercado de trabajo en la Argentina. |
| -- | Los trabajadores independientes y el sistema de seguridad social. El caso del Gran Buenos Aires. |
| -- | Las reglas sociales como determinantes de la informalidad laboral. |
| -- | Heterogeneidad social y productiva : caracterización del trabajo informal en el Gran Buenos Aires. |
| -- | La heterogeneidad del trabajo informa. Los resultados de un estudio cualitativo sobre los sectores del comercio textil, la construcción y el transporte. |
| 650 ## - SUBJECT ADDED ENTRY--TOPICAL TERM | |
| Topical term or geographic name as entry element | TRABAJO CLANDESTINO |
| Source of heading or term | unescot |
| 650 #0 - SUBJECT ADDED ENTRY--TOPICAL TERM | |
| Topical term or geographic name as entry element | EMPLEO INFORMAL |
| Source of heading or term | oit |
| 9 (RLIN) | 7178 |
| 651 ## - SUBJECT ADDED ENTRY--GEOGRAPHIC NAME | |
| Geographic name | ARGENTINA |
| 942 ## - ADDED ENTRY ELEMENTS (KOHA) | |
| Source of classification or shelving scheme | Dewey Decimal Classification |
| Item type | Libro, folleto, traducción |
| 980 ## - EQUIVALENCE OR CROSS-REFERENCE-SERIES STATEMENT--PERSONAL NAME/TITLE [LOCAL, CANADA] | |
| Field link and sequence number | 20562 |
| Miscellaneous information | Diego Higa |
| Withdrawn status | Lost status | Source of classification or shelving scheme | Damaged status | Not for loan | Home library | Current library | Date acquired | Source of acquisition | Total Checkouts | Total Renewals | Full call number | Barcode | Date last seen | Date last borrowed | Copy number | Price effective from | Koha item type |
|---|---|---|---|---|---|---|---|---|---|---|---|---|---|---|---|---|---|
| Dewey Decimal Classification | Biblioteca Central | Biblioteca Central | 09/08/2013 | Donación | 3 | 3 | 331.11 ARG | UNAJ13081028 | 28/10/2025 | 03/10/2025 | 1 | 09/08/2013 | Libro, folleto, traducción | ||||
| Dewey Decimal Classification | Biblioteca Central | Biblioteca Central | 09/08/2013 | Donación | 8 | 5 | 331.11 ARG | UNAJ13081029 | 17/03/2025 | 04/10/2023 | 2 | 09/08/2013 | Libro, folleto, traducción | ||||
| Dewey Decimal Classification | Biblioteca Central | Biblioteca Central | 15/03/2019 | Donación | 1 | 4 | 331.11 ARG | UNAJ19030026 | 17/03/2025 | 18/09/2023 | 3 | 15/03/2019 | Libro, folleto, traducción |